[Event "HUN-chT 2018-19"]
[Site "Szombathely"]
[Date "2018.11.18"]
[Round "2"]
[White "Nagy, Daniel"]
[Black "Naiditsch, Arkadij"]
[Result "0-1"]
[WhiteElo "2353"]
[BlackElo "2736"]
[Annotator "TA"]
[PlyCount "70"]
[EventDate "2018.11.16"]
[EventType "team-tourn"]
[EventCountry "HUN"]
[SourceTitle "playchess.com"]
[Source "ChessBase"]
[SourceQuality "1"]

{[%evp 20,70,55,0,28,6,12,-2,-6,-8,-16,-22,-20,0,0,-22,-8,-12,-12,-15,-13,-22,-22,-41,-33,-41,-41,-41,-41,-50,-41,-44,-41,-46,-22,-41,-30,-258,-269,-252,-246,-434,-447,-1166,-1158,-2716,-2689,-2020,-1904,-1451,-1158,-1084,-966]} 1. d4 Nf6 2. Nf3 g6 3. g3 Bg7 4. c4 O-O 5. Bg2 d6 6. Nc3 Nbd7 7. O-O e5 8. e3 Re8 9. b3 a6 {E67: King's Indian: Fianchetto: 6...Nbd7} 10. Bb2 Rb8 (10... c6 11. Rc1 Rb8 12. Nd2 exd4 13. exd4 Nf8 14. h3 h5 15. Nf3 b5 16. cxb5 cxb5 17. d5 Qb6 18. Ne2 Bb7 {1-0 (36) Gashimov,V (2733)-Tkachiev,V (2636) Warsaw 2010}) 11. a4 {LiveBook: 4 Games} (11. dxe5 $14 Nxe5 12. Nxe5 Rxe5 13. Rc1) 11... a5 {The position is equal.} 12. Qc2 $146 ({Predecessor:} 12. dxe5 dxe5 13. Ng5 h6 14. Nge4 Nxe4 15. Nxe4 {1-0 (58) Tikkanen,H (2566)-Lind,J (2201) Tylosand 2012}) 12... c6 13. Rfd1 exd4 14. Nxd4 Nc5 15. Ba3 {[#] Strongly threatening Bxc5.} Qb6 16. h3 Bd7 17. Rd2 h5 18. Rad1 Rbd8 19. Bxc5 Qxc5 20. Nce2 Bc8 21. Nf4 Qb6 22. Rc1 Nd7 {[%cal Bf6d7,Bd7c5,Bc5e4][%mdl 32]} 23. Nfe2 Nc5 24. Rcd1 Re7 25. Kh2 Rde8 26. Nc1 Ne4 27. Rd3 Qc5 28. f3 $2 {[#]} (28. Bxe4 $1 $11 {and White stays safe.} Rxe4 29. Nce2) 28... Nxg3 $1 $19 {[%mdl 512]} 29. Kxg3 Rxe3 30. Kh2 $2 (30. Rxe3 Rxe3 31. Qd2 Qg5+ 32. Kf2 Qh4+ 33. Kxe3 Bh6+ 34. Ke2 Bxd2 35. Rxd2) 30... Qe5+ {Black is clearly winning.} 31. Kg1 (31. Kh1 $142 Re1+ 32. Bf1 Bxh3 33. Rxe1 Qxe1 34. Rd1) 31... Re1+ 32. Rxe1 Qxe1+ 33. Bf1 Bxh3 34. Qf2 Qxc1 35. Ne2 Qa1 {Accuracy: White = 18%, Black = 61%.} 0-1

[Event "HUN-chT 2018-19"]
[Site "Szombathely"]
[Date "2018.11.18"]
[Round "2"]
[White "Konnyu, Janos"]
[Black "Csonka, Attila Istvan"]
[Result "1/2-1/2"]
[WhiteElo "2349"]
[BlackElo "2347"]
[Annotator "NA"]
[PlyCount "82"]
[EventDate "2018.11.16"]
[EventType "team-tourn"]
[EventCountry "HUN"]
[SourceTitle "playchess.com"]
[Source "ChessBase"]
[SourceQuality "1"]

1. e4 c5 2. Nf3 e6 3. d4 cxd4 4. Nxd4 Nc6 5. Nc3 Qc7 6. Be3 a6 7. Qf3 {B48: Sicilian: Taimanov: 5 Nc3 Qc7 6 Be3 a6 without Be2} Nf6 8. O-O-O Ne5 {LiveBook: 86 Games} (8... d6 9. Nxc6 Qxc6 10. g4 b5 11. g5 Nd7 12. a3 Bb7 13. Qh3 Rc8 14. g6 Nf6 {0-1 (55) Durarbayli,V (2629)-Cori Tello,J (2664) Saint Louis 2018}) 9. Qg3 h5 10. Bf4 d6 11. h4 Bd7 12. Bg5 $146 ({Predecessor:} 12. Nf3 Nfg4 13. Be2 b5 14. Rd4 Bc6 {0-1 (28) Bomans,A (2250)-Malakhatko,V (2536) Karlsruhe 2018}) 12... Rc8 13. Bxf6 gxf6 14. f4 Ng4 15. Be2 b5 16. a3 Rg8 17. f5 d5 18. Qxc7 Rxc7 19. fxe6 fxe6 20. exd5 e5 21. Ne6 Bxe6 22. dxe6 Rxc3 23. bxc3 Bxa3+ {[#]} 24. Kb1 $18 Ke7 25. Rd7+ Kxe6 26. Ra7 Nf2 27. Rxa6+ Bd6 28. Rf1 Rxg2 29. Bxb5 e4 30. Bc4+ Ke5 31. Ra5+ Kf4 32. Rxh5 Be5 33. Kb2 e3 34. Kb3 Rg7 35. Bd5 Rc7 36. c4 Bd4 37. c3 Bc5 38. Be6 e2 39. Rf5+ Ke4 40. Re1 Ke3 41. Kc2 Nd3 1/2-1/2

[Event "HUN-chT 2018-19"]
[Site "Szombathely"]
[Date "2018.11.18"]
[Round "2"]
[White "Kun, Gabor"]
[Black "Parkanyi, Attila"]
[Result "1/2-1/2"]
[WhiteElo "2340"]
[BlackElo "2275"]
[Annotator "ChessBase"]
[PlyCount "123"]
[EventDate "2018.11.16"]
[EventType "team-tourn"]
[EventCountry "HUN"]
[SourceTitle "playchess.com"]
[Source "ChessBase"]
[SourceQuality "1"]

1. e4 g6 2. d4 Bg7 3. Nc3 d6 4. Be3 a6 5. Qd2 b5 6. a4 b4 7. Nce2 a5 8. Ng3 c5 9. c3 cxd4 10. cxd4 h5 11. Bb5+ Bd7 12. Bd3 Nc6 13. Nf3 h4 14. Ne2 h3 15. g3 Nf6 16. d5 Ne5 17. Nxe5 dxe5 18. f3 O-O 19. O-O Ne8 20. Nc1 Nd6 21. Nb3 Nb7 22. Nc5 Nxc5 23. Bxc5 f5 24. Kh1 Rc8 25. Rac1 Rf6 26. b3 Qf8 27. Be3 fxe4 28. Bxe4 Bf5 29. Qd3 Rxc1 30. Bxc1 Qd8 31. Bb2 Bxe4 32. Qxe4 Rf5 33. Bc1 Qb6 34. Be3 Qd6 35. Rc1 e6 36. Rc8+ Kh7 37. Qh4+ Rh5 38. Qd8 Qxd8 39. Rxd8 exd5 40. Rxd5 Rf5 41. f4 Rf8 42. fxe5 Rf1+ 43. Bg1 Bh6 44. Rd3 Bg7 45. g4 Bxe5 46. Rxh3+ Kg7 47. Kg2 Rb1 48. Bb6 Bc3 49. Bxa5 Rxb3 50. Bd8 Rb2+ 51. Kf3 Ra2 52. Ke4 Rxa4 53. Kd5 Ra8 54. Bc7 Kf6 55. Re3 Rc8 56. Ba5 Ra8 57. Bc7 Rc8 58. Ba5 Ra8 59. Bc7 Rc8 60. Ba5 Kg5 61. Bc7 Ra8 62. Re6 1/2-1/2

[Event "HUN-chT 2018-19"]
[Site "Szombathely"]
[Date "2018.11.18"]
[Round "2"]
[White "Horvath, Tamas"]
[Black "Kozak, Adam"]
[Result "0-1"]
[WhiteElo "2339"]
[BlackElo "2444"]
[Annotator "TA"]
[PlyCount "118"]
[EventDate "2018.11.16"]
[EventType "team-tourn"]
[EventCountry "HUN"]
[SourceTitle "playchess.com"]
[Source "ChessBase"]
[SourceQuality "1"]

{[%evp 19,118,-56,-53,-35,-23,-19,-25,-24,-28,-56,-47,-75,-47,-52,-41,-52,-38,-52,-52,-52,-47,-85,-60,-122,-79,-88,-71,-70,-71,-72,-75,-77,-68,-76,-72,-80,-76,-72,-57,-112,-85,-86,-84,-69,-36,-70,-17,-16,-17,-18,-16,-63,-44,-106,-106,-106,-106,-116,0,-106,-106,-118,-106,-241,-235,-215,-222,-225,-214,-155,-129,-402,-396,-370,-386,-384,-386,-372,-356,-479,-486,-524,-657,-633,-638,-528,0,-543,-527,-604,-582,-576,-623,-620,-602,-788,-765,-1672,-1648,-1866,-1672]} 1. e4 c5 2. Nf3 d6 3. c3 Nf6 4. Bd3 Nc6 5. Bc2 Bg4 6. d3 e6 7. h3 Bh5 8. Nbd2 d5 {B50: Sicilian: 2...d6, Miscellaneous} 9. Qe2 Qc7 10. Nf1 Bd6 {LiveBook: 4 Games. Black is slightly better.} 11. Bg5 O-O-O 12. O-O-O $146 ({Predecessor:} 12. N1d2 h6 13. Bxf6 gxf6 14. g4 Bg6 15. O-O-O {1-0 (65) Nijboer,F (2584)-Efimenko,Z (2648) Turin 2006}) 12... Bf4+ 13. Bxf4 Qxf4+ 14. Qe3 Qxe3+ 15. Nxe3 dxe4 16. dxe4 Bxf3 17. gxf3 Nh5 18. Nc4 Kc7 19. Ba4 f6 20. Rdg1 g6 21. Rg4 ({White should try} 21. Bxc6 $15 Kxc6 22. Kc2) 21... Rd3 22. Bd1 b5 23. Ne3 Ne5 24. Rh4 Rd7 25. Be2 Nd3+ $1 26. Bxd3 $1 Rxd3 27. Rd1 Rxd1+ 28. Kxd1 $17 {[%mdl 4096] Endgame KRN-KRN} Rd8+ 29. Ke2 (29. Kc2 $15) 29... e5 30. Nd5+ Kd6 31. Rg4 a6 {[%cal Ba7a6,Ba6a5,Ba5a4,Ba4a3][%mdl 32]} 32. h4 Ke6 (32... c4 $15) 33. Rg1 $11 Nf4+ 34. Nxf4+ exf4 {KR-KR} 35. Rh1 a5 36. Rg1 ({White should play} 36. b3 $15) 36... a4 $17 37. Rb1 Kf7 38. Rg1 Ke6 39. Rb1 $1 Rd7 40. Rg1 Rd6 41. Rg4 {[#]} (41. Rb1 $17) 41... a3 $1 $19 {[%cal Ra3b2][%mdl 512]} 42. Rg1 (42. bxa3 Ra6) 42... axb2 43. Rb1 Kd7 $1 44. Rxb2 {[#]} Kc6 $1 45. Rc2 $2 {[%mdl 8192]} (45. h5 $17 {only move.}) 45... Rd7 46. Rb2 c4 47. Rb4 {[#]} Ra7 $1 48. Rb2 Kc5 49. Kd2 Rd7+ 50. Ke2 Rd3 51. Rc2 Kb6 52. Rc1 Kc5 53. Rc2 $1 Kc6 {Black is clearly winning.} 54. Rc1 Kb6 55. Rc2 {and the idea Rc1 leaves White hopeful.} Ka5 56. Rc1 Ka4 57. h5 gxh5 58. Rh1 Rxc3 59. Rxh5 Rc2+ {Accuracy: White = 34%, Black = 77%.} 0-1

[Event "HUN-chT 2018-19"]
[Site "Szombathely"]
[Date "2018.11.18"]
[Round "2"]
[White "Kopasz, Robert"]
[Black "Horvath, Dominik"]
[Result "1/2-1/2"]
[WhiteElo "2320"]
[BlackElo "2449"]
[Annotator "TA"]
[PlyCount "152"]
[EventDate "2018.11.16"]
[EventType "team-tourn"]
[EventCountry "HUN"]
[SourceTitle "playchess.com"]
[Source "ChessBase"]
[SourceQuality "1"]

{[%evp 20,152,17,16,25,-20,-10,-16,-1,-25,-15,-8,42,41,39,27,80,73,64,70,58,57,62,59,149,141,185,186,181,177,171,145,138,137,136,137,154,120,127,130,131,122,155,141,209,181,231,208,239,220,275,281,277,278,274,265,333,334,443,429,422,387,452,421,463,463,529,539,536,512,585,525,514,460,471,400,373,0,460,0,495,492,456,421,477,475,462,404,426,435,421,418,447,443,431,413,461,290,285,293,293,293,245,137,127,127,124,29,82,82,87,29,166,156,125,130,345,8,29,29,29,26,26,26,52,59,227,26,26,26,26,26,26,26,26]} 1. e4 e5 2. Nf3 Nc6 3. Bb5 a6 4. Ba4 Nf6 5. d3 d6 6. c3 g6 7. O-O Bg7 8. Re1 O-O 9. Nbd2 Re8 {C77: Ruy Lopez: 3...a6 4 Ba4 Nf6, unusual lines} (9... Nd7 10. Nf1 Nc5 11. Bxc6 bxc6 12. d4 exd4 13. cxd4 Ne6 14. Ng3 c5 15. dxc5 Nxc5 16. Bg5 Qe8 17. Qd2 Bg4 18. Bh6 Bxf3 19. Bxg7 Kxg7 20. gxf3 {1-0 (52) Anand,V (2759)-Caruana,F (2816) Leuven 2018}) 10. Nf1 b5 11. Bc2 {LiveBook: 9 Games} h6 {The position is equal.} 12. d4 $146 ({Predecessor:} 12. Ng3 d5 13. Qe2 Be6 14. h3 Qd7 15. a4 Rab8 16. axb5 axb5 17. Bd2 Qd6 {½-½ (53) Movsesian,S (2595)-Gyimesi,Z (2505) Pardubice 1998}) 12... exd4 13. Nxd4 Bb7 {With the idea ...Nxd4.} 14. Ng3 Qd7 15. a4 b4 16. Nxc6 Bxc6 17. cxb4 Rab8 (17... h5 $11) 18. Bd2 $16 d5 {[%cal Rd5e4]} 19. Bc3 dxe4 20. Qxd7 Bxd7 21. Bxe4 Nxe4 (21... h5 $14) 22. Nxe4 Bc6 23. Nc5 Ra8 24. Rxe8+ Bxe8 25. Re1 Bf8 26. Nxa6 $1 Bxa4 27. Nxc7 Rd8 28. Na6 Rc8 29. Ra1 Bc6 30. Nc5 g5 31. f3 Bd6 (31... Ra8 $16 {was worth a try.} 32. Rd1 Be7) 32. Ra6 Be7 33. Kf2 h5 34. Ne4 f5 35. Ng3 f4 36. Nxh5 Kf7 {[#]} 37. h4 $1 g4 (37... gxh4 38. Ra7) 38. Nxf4 gxf3 39. g3 Be4 40. Ne6 Bb7 41. Rb6 Bd5 42. Nd4 Kg8 43. Nf5 Bf8 44. Ne3 Bc6 45. Ng4 Be7 46. Ne5 Be4 47. Nd7 Bc6 48. Ne5 Be4 49. Ng4 Bc6 $1 50. Ra6 Rc7 51. Ne5 Bb7 52. Rg6+ Kh7 53. Rg4 Bd6 {...Bxe5 would now be nice for Black.} 54. Nc4 Bf8 55. Nd2 Rf7 56. Rf4 Rxf4 57. gxf4 $18 {[%mdl 4096] Endgame KBB-KBN} Bd6 58. Be5 Bxb4 59. Nxf3 Kg6 60. Ke3 Kh5 61. f5 (61. Bf6 $18) 61... Kg4 $16 62. Nd4 Kxh4 63. Kd3 (63. Nc2 $1 $16 {[%cal Rc2b4]} Bf8 64. Kd4) 63... Ba6+ (63... Kg5 $11 {keeps the balance.}) 64. Kc2 $1 {[%cal Rc2b3] Hoping for Kb3.} Kg5 65. f6 ({White should play} 65. Nc6 $1 $16 {[%cal Rc6b4]} Bf8 66. f6) 65... Bc4 {[#]} (65... Bb7 $1 $11 {and Black has nothing to worry.}) 66. Nc6 $1 $18 {[%cal Rc6b4]} Kf5 67. Bd4 ({Much weaker is} 67. Nxb4 $6 Kxe5 68. Kd2 (68. Kc3 Bg8 $11) 68... Bg8 $11) 67... Be1 $2 {[#]} (67... Bd6 $16 68. Kc3 Bd5) 68. Ne5 $2 (68. b3 $1 $18 {[%cal Rb3c4]} Be6 69. Nd8) 68... Be6 69. f7 Bb4 70. Bc3 Bf8 71. b4 Kf6 72. b5 {aiming for Kd3.} Bxf7 $2 (72... Ba2 $14 73. Kd3 Bd5) 73. b6 $2 (73. Nxf7+ $18 Kxf7 74. Kb3) 73... Bd5 $11 {White has an edge.} 74. Nc6+ Ke6 75. b7 Bd6 76. b8=Q Bxb8 {Accuracy: White = 55%, Black = 40%.} 1/2-1/2

[Event "HUN-chT 2018-19"]
[Site "Szombathely"]
[Date "2018.11.18"]
[Round "2"]
[White "Farkas, Tibor"]
[Black "Seres, Lajos"]
[Result "1/2-1/2"]
[WhiteElo "2310"]
[BlackElo "2425"]
[Annotator "TA"]
[PlyCount "31"]
[EventDate "2018.11.16"]
[EventType "team-tourn"]
[EventCountry "HUN"]
[SourceTitle "playchess.com"]
[Source "ChessBase"]
[SourceQuality "1"]

{[%evp 23,31,35,50,16,29,10,36,29,23,28]} 1. e4 c5 2. Nf3 Nc6 3. d4 cxd4 4. Nxd4 g6 5. c4 Bg7 6. Be3 Nf6 7. Nc3 O-O 8. Be2 d6 9. O-O Bd7 10. Qd2 Nxd4 11. Bxd4 Bc6 12. Bd3 a6 {LiveBook: 7 Games. B38: Sicilian: Maroczy Bind with 5...Bg7 and 7...0-0} (12... a5 13. Rae1 a4 14. Nd5 e6 15. Nb4 Bd7 16. Rd1 Qe7 17. Rfe1 Rfc8 18. Bf1 e5 19. Bb6 Be6 20. b3 axb3 21. axb3 {½-½ (36) Wojtaszek,R (2727)-Mamedov,R (2650) Huaian 2016}) 13. Nd5 e6 $146 ({Predecessor:} 13... Nd7 14. Bxg7 Kxg7 15. Rae1 e5 16. Nc3 Qe7 17. b4 b6 18. Rd1 f5 19. Bc2 Rf6 20. Ba4 Bxa4 21. Nxa4 {1-0 (35) Jones,R (2308)-Corkett,A (2354) Birmingham 2006}) 14. Bb6 Qd7 15. Nxf6+ Bxf6 16. f4 1/2-1/2

[Event "HUN-chT 2018-19"]
[Site "Szombathely"]
[Date "2018.11.18"]
[Round "2"]
[White "Krstulovic, Alex"]
[Black "Kokeny, Norbert Adrian"]
[Result "1-0"]
[WhiteElo "2309"]
[BlackElo "2279"]
[Annotator "NA"]
[PlyCount "151"]
[EventDate "2018.11.16"]
[EventType "team-tourn"]
[EventCountry "HUN"]
[SourceTitle "playchess.com"]
[Source "ChessBase"]
[SourceQuality "1"]

1. d4 Nf6 2. c4 e6 3. Nf3 b6 4. g3 Bb7 5. Bg2 Bb4+ 6. Bd2 Qe7 7. O-O Bxd2 8. Qxd2 O-O 9. Nc3 {LiveBook: 181 Games} d6 10. d5 e5 {E16: Queen's Indian: 4 g3 Bb7 5 Bg2 Bb4+} 11. e4 a5 12. Nh4 (12. b3 Na6 13. Ne1 Nc5 14. Nd3 Nfd7 15. Rae1 Bc8 16. f4 Nxd3 17. Qxd3 Nc5 18. Qe3 {0-1 (108) Mekhitarian,K (2544)-Cori Tello,J (2611) Florianopolis 2017}) 12... g6 13. Nb5 $146 ({Predecessor:} 13. f4 exf4 14. gxf4 Nxe4 15. Nxe4 Qxh4 16. f5 Nd7 17. Rf4 Qh6 18. f6 {½-½ (26) Vigorito,D (2415)-Canty,J (2353) Charlotte 2016}) 13... Na6 14. Rae1 Rae8 15. f4 exf4 16. Qxf4 Nh5 17. Qd2 Nc5 18. Nd4 Ng7 19. Nhf3 Nxe4 20. Qh6 f5 21. Rf2 Qf6 22. Rfe2 Bc8 23. Nb5 Qf7 24. Nc3 Nf6 25. Ng5 Qd7 26. Ne6 Nxe6 27. dxe6 Qe7 28. Bc6 Rd8 29. h3 Ba6 30. Qf4 Rb8 31. Qd4 Bb7 32. Bxb7 Rxb7 33. Rf1 Qg7 34. Nd5 Ne8 (34... Nh5 $1 $11 35. Qd3 c6) 35. Qe3 Rb8 (35... Kh8 $14) 36. Kg2 Kh8 37. Rfe1 Rg8 38. e7 g5 39. g4 f4 40. Qd3 c6 41. Nc3 Qg6 42. Qf3 Rc8 43. Na4 Rg7 44. Nxb6 Rc7 45. Re6 Qc2+ {[#]} 46. R1e2 $1 Qd1 47. Rf6 Qd4 48. Rf8+ Rg8 49. Qe4 Qxe4+ 50. Rxe4 Rb7 51. Na4 Kg7 52. Rf5 h6 53. Re6 ({Worse is} 53. Rxa5 Nf6 $11) 53... Ra7 54. h4 Kh7 (54... gxh4 {might work better.} 55. Rxf4 Rd7) 55. hxg5 hxg5 56. Nc3 Ng7 {[#]} 57. Rf7 ({Inferior is} 57. Rxg5 Nxe6 58. Rxg8 Rxe7 $11) (57. Ne4 $142 $1 {[%mdl 512]} Nxe6 58. Nf6+ {[%mdl 64] Double Attack} Kg6 59. Nxg8) 57... Re8 58. Rxd6 Raxe7 59. Rxe7 Rxe7 60. Rxc6 Re3 61. Nd5 Rg3+ $18 (61... Re6 {keeps fighting.} 62. Rxe6 Nxe6) 62. Kf2 Ne8 63. Re6 Ng7 64. Ra6 Ne8 65. c5 Rd3 66. Nc3 Kg7 67. c6 Rd2+ 68. Kf3 Rxb2 69. c7 Nxc7 70. Ra7 Rc2 71. Rxc7+ Kf8 72. a4 Rc1 73. Rc5 Rg1 74. Ne4 Rf1+ 75. Ke2 Ra1 76. Rxa5 1-0

[Event "HUN-chT 2018-19"]
[Site "Szombathely"]
[Date "2018.11.18"]
[Round "2"]
[White "Madl, Ildiko"]
[Black "Almasi, Istvan"]
[Result "0-1"]
[WhiteElo "2308"]
[BlackElo "2401"]
[Annotator "ChessBase"]
[PlyCount "100"]
[EventDate "2018.11.16"]
[EventType "team-tourn"]
[EventCountry "HUN"]
[SourceTitle "playchess.com"]
[Source "ChessBase"]
[SourceQuality "1"]

1. e4 g6 2. d4 Bg7 3. Nc3 d6 4. Nf3 Nf6 5. Be2 O-O 6. O-O c6 7. a4 Nbd7 8. a5 Qc7 9. Be3 e5 10. dxe5 Nxe5 11. Qd2 Nfg4 12. Bg5 Be6 13. Nd4 Bc4 14. f4 Bxe2 15. Qxe2 Nd7 16. Ndb5 cxb5 17. Qxg4 f5 18. exf5 Rxf5 19. Qe2 Qc4 20. Qe7 Nc5 21. Rae1 d5 22. Qe2 Qxe2 23. Rxe2 Bxc3 24. bxc3 Ne4 25. Bh4 Nxc3 26. Re7 Rf7 27. Rfe1 Ne4 28. Rd1 Rxe7 29. Bxe7 Nc3 30. Rd2 Re8 31. Bb4 Ne2+ 32. Kf2 Nxf4 33. g3 Ne6 34. Rxd5 Rc8 35. c3 a6 36. Rd6 Rc6 37. Rd7 Rc7 38. Rxc7 Nxc7 39. Ke3 Kf7 40. Kd4 Ke6 41. c4 bxc4 42. Kxc4 Nd5 43. Bc5 Ke5 44. Kd3 h5 45. h3 Nf6 46. Bd4+ Ke6 47. h4 Kf5 48. Bxf6 Kxf6 49. Ke4 Ke6 50. Kf4 Kd6 0-1

[Event "HUN-chT 2018-19"]
[Site "Szombathely"]
[Date "2018.11.18"]
[Round "2"]
[White "Szajbely, Zsigmond"]
[Black "Markus, Robert"]
[Result "0-1"]
[WhiteElo "2292"]
[BlackElo "2610"]
[Annotator "TA"]
[PlyCount "120"]
[EventDate "2018.11.16"]
[EventType "team-tourn"]
[EventCountry "HUN"]
[SourceTitle "playchess.com"]
[Source "ChessBase"]
[SourceQuality "1"]

{[%evp 17,120,19,39,33,42,5,5,-5,8,-14,0,0,0,10,4,0,46,14,38,-25,-31,-39,-41,-51,-36,-45,-29,-49,-35,-47,-52,-64,-58,-56,-62,-60,-62,-114,-91,-100,-97,-92,-68,-58,-60,-94,-87,-99,-84,-109,-106,-86,-102,-133,-147,-167,-166,-305,-305,-300,-295,-298,-274,-244,-255,-341,-341,-450,-443,-406,-382,-479,-386,-395,-395,-496,-500,-448,-407,-512,-493,-715,-661,-425,-660,-591,-585,-502,-502,-439,-415,-1610,-718,-754,-605,-2209,-1961,-29980,-29981,-29979,-29980,-29979,-29981,-29979,-29977]} 1. e4 c5 2. c3 d6 3. d4 Nf6 4. Bd3 Nc6 5. Nf3 g6 6. h3 {B07: Pirc Defence: Miscellaneous Systems} Bg7 7. Be3 (7. O-O O-O 8. Re1 e5 9. dxc5 d5 10. Nbd2 a5 11. a4 Re8 12. Qc2 h6 13. exd5 Qxd5 14. Bc4 Qxc5 15. Qxg6 Be6 16. Bxe6 Rxe6 {1-0 (37) Zhigalko,S (2641)-Naiditsch,A (2705) Riadh 2017}) 7... Nd7 8. Na3 a6 9. O-O O-O {LiveBook: 3 Games} 10. Qd2 $146 ({Predecessor:} 10. Nc2 b5 11. a4 c4 12. Be2 Na5 13. axb5 axb5 {0-1 (43) Godena,M (2405)-Chiong Zacarias,R (2365) Switzerland 1991}) 10... Re8 11. b4 b5 12. bxc5 dxc5 13. e5 Qa5 14. Nc2 cxd4 15. cxd4 {next a4! is good for White.} Qxd2 16. Nxd2 Rb8 17. Be4 Bb7 18. f4 ({White should try} 18. a4 $14) 18... e6 $11 19. a4 b4 20. a5 {[#]} b3 $1 {[%cal Rb3c2][%mdl 512]} 21. Nxb3 Nxd4 22. Ncxd4 Bxe4 23. Rac1 Rec8 24. Rfd1 Bd5 25. Rxc8+ Rxc8 26. Rc1 Rxc1+ 27. Bxc1 ({Better is} 27. Nxc1 $15 g5 28. g3) 27... f6 28. exf6 Bxf6 {Strongly threatening ...Nc5!} 29. Be3 e5 30. fxe5 Bxe5 31. Kf2 Kf7 32. g4 Bc7 33. Bd2 Bxb3 34. Nxb3 $17 {[%mdl 4096] Endgame KBN-KBN} Ke6 35. h4 Kd5 36. h5 Nf6 37. Kf3 (37. hxg6 {was necessary.} Nxg4+ 38. Ke2 hxg6 39. Bg5) 37... gxh5 $19 38. gxh5 Kc4 ({Not} 38... Nxh5 39. Be3 $17) 39. Bg5 Nxh5 40. Nd2+ Kd5 41. Ne4 Bxa5 42. Be7 Ng7 43. Ba3 Ne8 44. Ng5 h6 45. Ne4 Bc7 46. Bc1 h5 47. Bd2 Be5 48. Bb4 Kc4 49. Be1 Nd6 50. Nd2+ Kd3 51. Nb3 {[#]} Nb7 $1 52. Nc1+ Kc4 53. Ne2 Nc5 54. Ng3 (54. Kg2 $142) 54... Nd3 (54... Bc3 $142 55. Bf2 a5) 55. Bd2 h4 {[%cal Bh5h4,Bh4h3,Bh3h2][%mdl 32]} 56. Ne4 h3 57. Ng3 h2 {Black mates.} 58. Nh1 Bc3 59. Bg5 a5 {[%cal Ba6a5,Ba5a4][%mdl 32]} 60. Ke2 a4 {Accuracy: White = 32%, Black = 79%.} 0-1

[Event "HUN-chT 2018-19"]
[Site "Szombathely"]
[Date "2018.11.18"]
[Round "2"]
[White "Vegh, Endre"]
[Black "Dankhazi, Andras"]
[Result "1/2-1/2"]
[WhiteElo "2274"]
[BlackElo "2285"]
[Annotator "NA"]
[PlyCount "24"]
[EventDate "2018.11.16"]
[EventType "team-tourn"]
[EventCountry "HUN"]
[SourceTitle "playchess.com"]
[Source "ChessBase"]
[SourceQuality "1"]

1. d4 Nf6 2. c4 e6 3. Nc3 Bb4 4. Qc2 O-O 5. Nf3 d5 6. cxd5 $11 {LiveBook: 125 Games} exd5 7. Bg5 h6 8. Bh4 g5 9. Bg3 Ne4 10. e3 c5 11. Bd3 Nc6 12. O-O Nxg3 1/2-1/2

[Event "HUN-chT 2018-19"]
[Site "Szombathely"]
[Date "2018.11.18"]
[Round "2"]
[White "Lakos, Nikoletta"]
[Black "Polyik, Peter"]
[Result "1/2-1/2"]
[WhiteElo "2247"]
[BlackElo "2254"]
[Annotator "NA"]
[PlyCount "80"]
[EventDate "2018.11.16"]
[EventType "team-tourn"]
[EventCountry "HUN"]
[SourceTitle "playchess.com"]
[Source "ChessBase"]
[SourceQuality "1"]

1. e4 c5 2. Nf3 e6 3. Nc3 Nc6 4. Bb5 Nd4 5. O-O a6 6. Bd3 Nc6 7. Re1 g5 8. Kh1 g4 9. Ng1 h5 10. f4 d6 11. Bf1 Nge7 12. a3 Bg7 13. Rb1 b5 14. b4 cxb4 15. axb4 Bb7 16. Bb2 Kf8 17. Nce2 d5 18. Bxg7+ Kxg7 19. Ng3 Ng6 20. f5 h4 21. Qxg4 hxg3 22. Qxg3 Qh4 23. Re3 d4 24. Ra3 d3 25. Rxd3 Nce5 26. Rc3 Ng4 27. Qxh4 Nxh4 28. Rg3 exf5 29. exf5 Kf6 30. Rxg4 Rag8 31. Rxg8 Rxg8 32. Ne2 Nxg2 33. Ng3 Ne1+ 34. Kg1 Nf3+ 35. Kf2 Nxd2 36. Rd1 Nxf1 37. Kxf1 Rg4 38. Rd6+ Ke5 39. Rd7 Bd5 40. c3 Rh4 1/2-1/2

[Event "HUN-chT 2018-19"]
[Site "Szombathely"]
[Date "2018.11.18"]
[Round "2"]
[White "Havanecz, Bianka"]
[Black "Borhy, Marcell"]
[Result "1/2-1/2"]
[WhiteElo "2240"]
[BlackElo "2201"]
[Annotator "NA"]
[PlyCount "80"]
[EventDate "2018.11.16"]
[EventType "team-tourn"]
[EventCountry "HUN"]
[SourceTitle "playchess.com"]
[Source "ChessBase"]
[SourceQuality "1"]

1. d4 d6 2. Nf3 Bg4 3. g3 Nd7 4. Bg2 c6 5. c4 e5 6. d5 Be7 7. Nc3 Qc7 8. O-O Nb6 9. b3 cxd5 10. Nxd5 Nxd5 11. Qxd5 Nf6 12. Qd1 O-O 13. Bb2 Rfd8 14. Ne1 Qd7 15. Qd3 Rab8 16. a4 a6 17. e4 b5 18. cxb5 axb5 19. a5 b4 20. Nc2 Qb5 21. Qxb5 Rxb5 22. Ra4 Bd7 23. Rxb4 Rxa5 24. Rb6 Ra2 25. Rb1 Rc8 26. Ne3 Bc6 27. Rc1 Rxb2 28. Rbxc6 Rxc6 29. Rxc6 Rb1+ 30. Nf1 Rxb3 31. h3 Rb1 32. Rc4 g6 33. Kh2 Rb2 34. Kg1 Kg7 35. Ne3 Bd8 36. Rc2 Rb1+ 37. Kh2 Kf8 38. Nc4 Ke7 39. Rd2 Bc7 40. Rc2 Bb6 1/2-1/2

[Event "HUN-chT 2018-19"]
[Site "Szombathely"]
[Date "2018.11.18"]
[Round "2"]
[White "Udvardi, Zalan"]
[Black "Karacsonyi, Gellert"]
[Result "1/2-1/2"]
[WhiteElo "2230"]
[BlackElo "2135"]
[Annotator "NA"]
[PlyCount "60"]
[EventDate "2018.11.16"]
[EventType "team-tourn"]
[EventCountry "HUN"]
[SourceTitle "playchess.com"]
[Source "ChessBase"]
[SourceQuality "1"]

1. e4 c5 2. c3 Nf6 3. e5 Nd5 4. d4 cxd4 5. Nf3 e6 6. cxd4 b6 7. Nc3 Nxc3 8. bxc3 Qc7 9. Bd2 Bb7 10. Bd3 d6 11. exd6 Bxd6 12. Qe2 Nd7 13. O-O O-O 14. Rfe1 Bf4 15. Bxf4 Qxf4 16. Qe3 Qxe3 17. fxe3 Rac8 18. Rac1 Rc7 19. Rc2 Rfc8 20. Rec1 Nf6 21. c4 Be4 22. Bxe4 Nxe4 23. Kf1 g5 24. Ke2 f6 25. Nd2 f5 26. Nxe4 fxe4 27. c5 Kf8 28. Kd2 Rf7 29. Ke2 Rfc7 30. Kd2 Rf7 1/2-1/2

[Event "HUN-chT 2018-19"]
[Site "Szombathely"]
[Date "2018.11.18"]
[Round "2"]
[White "Erdos, Boglarka"]
[Black "Balogh, Marton"]
[Result "0-1"]
[WhiteElo "2148"]
[BlackElo "1941"]
[Annotator "NA"]
[PlyCount "86"]
[EventDate "2018.11.16"]
[EventType "team-tourn"]
[EventCountry "HUN"]
[SourceTitle "playchess.com"]
[Source "ChessBase"]
[SourceQuality "1"]

1. Nf3 Nf6 2. g3 d5 3. Bg2 c6 4. O-O Bg4 5. c4 e6 6. cxd5 exd5 7. d3 Be7 8. Nc3 O-O 9. h3 Bh5 10. b3 Nbd7 11. Bb2 Qb6 12. g4 Bg6 13. Nd2 Nc5 14. Ba3 Rfe8 15. d4 Nce4 16. Ndxe4 Nxe4 17. Na4 Qc7 18. Bxe7 Rxe7 19. e3 f5 20. Rc1 f4 21. Nc3 Nxc3 22. Rxc3 Qd6 23. exf4 Qxf4 24. b4 Be4 25. a4 Bxg2 26. Kxg2 Re4 27. Rf3 Qd6 28. b5 Qb4 29. bxc6 bxc6 30. Qc2 Rc8 31. Rb1 Qc4 32. Qb2 Re7 33. a5 h6 34. Qa3 Rce8 35. Qd6 Re6 36. Qd7 R6e7 37. Qd6 Re6 38. Qf4 Rf6 39. Qc7 Rxf3 40. Rb7 Rxf2+ 41. Kxf2 Qe2+ 42. Kg3 Qe1+ 43. Kf4 Qf2# 0-1